01929naa a2200229 a 450000100080000000500110000800800410001910000190006024500750007926000090015452013160016365300100147965300200148965300130150965300230152265300090154565300220155470000170157670000180159370000210161177300670163210163362001-04-02 2001 bl uuuu u00u1 u #d1 aSCHOFFEL, E.R. aExcesso hidrico sobre os componentes do rendimento da cultura da soja. c2001 aO cultivo da soja em solos hidromorficos do Estado do Rio Grande do Sul vem sendo utilizado como opcao em rotacao com arroz e pastagens. O presente trabalho teve como objetivos determinar o comportamento dos componentes do rendimento de quatro cultivares de soja, para as condicoes dos solos hidromorficos, e verificar as variacoes de comportamento em funcao do estadio de desenvolvimento em que ocorre o estresse por excesso hidrico. O experimento foi conduzido em uma estrutura com cobertura plastica, em vasos de PVC, no ano agricola de 1995/96, no Departamento de Fitotecnia da UFSM, em Santa Maria,RS. O solo utilizado foi um planossolo pertencente a unidade de mapeamento Vacacai. O delineamento experimental utilizado foi o de blocos ao acaso, fatorial (4 x 5) com tres repeticoes. As culturas Ocepar 14, FT Saray, IAS 5 e CEP 16 foram submetidas a tratamentos de saturacao hidrica do solo por um periodo de 15 dias a partir dos estadios de desenvolvimento V2 e V6; e por um periodo de 10 dias a partir dos estadios R2, R3 e R4. Os resultados indicaram que as quatro cultivares de soja utilizadas apresentaram boa tolerancia a saturacao hidrica no solo e que, em termos de duracao desse estresse, a tolerancia a saturacao hidrica no solo e maior no subperiodo vegetativo do que no subperiodo reprodutivo. aArroz aExcesso hidrico aPastagem aRotacao de cultura aSoja aSolo hidromorfico1 aSACCOL, A.V.1 aMANFRON, P.A.1 aMEDEIROS, S.L.P. tCiencia Rural, Santa Mariagv.31, n.1, p.7-12, jan./fev. 2001.